Introduction à l'économie politique internationale (notice n° 1568817)
[ vue normale ]
| 000 -LEADER | |
|---|---|
| fixed length control field | 01528cam a2200133 4500500 |
| 005 - DATE AND TIME OF LATEST TRANSACTION | |
| control field | 20251214005414.0 |
| 041 ## - LANGUAGE CODE | |
| Language code of text/sound track or separate title | fre |
| 042 ## - AUTHENTICATION CODE | |
| Authentication code | dc |
| 100 10 - MAIN ENTRY--PERSONAL NAME | |
| Personal name | Paquin, Stéphane |
| Relator term | author |
| 245 00 - TITLE STATEMENT | |
| Title | Introduction à l'économie politique internationale |
| 260 ## - PUBLICATION, DISTRIBUTION, ETC. | |
| Name of publisher, distributor, etc. | Armand Colin,<br/> |
| Date of publication, distribution, etc. | 2021.<br/> |
| 520 ## - SUMMARY, ETC. | |
| Summary, etc. | L’économie politique internationale (EPI), mêlant science politique, économie et histoire, pose au niveau global une question fondamentale : « Qui gouverne ? » Elle interroge ainsi l’autorité politique et analyse la place des acteurs économiques dans les relations internationales.Cet ouvrage dresse un panorama clair et accessible des outils (théoriques, conceptuels et historiques) et des principaux thèmes de l’EPI : les grandes théories de la mondialisation, les débats sur la puissance et l’hégémonie, et l’organisation de l’autorité politique dans les domaines de la finance et du commerce international.Assorti de nombreux exemples, il permet d’éclairer les grandes questions contemporaines : quel est l’impact de l’expansion de la Chine sur le commerce international et la domination américaine ? Pourquoi la finance internationale est-elle si instable ? Les marchés ont-ils plus de pouvoir que les gouvernements ? La mondialisation est-elle un facteur de paix ? La montée de l’insécurité économique favorise-t-elle les populismes ? |
| 856 41 - ELECTRONIC LOCATION AND ACCESS | |
| Uniform Resource Identifier | <a href="https://shs.cairn.info/introduction-a-l-economie-politique-internationale--9782200628345?lang=fr&redirect-ssocas=7080">https://shs.cairn.info/introduction-a-l-economie-politique-internationale--9782200628345?lang=fr&redirect-ssocas=7080</a> |
Pas d'exemplaire disponible.




Réseaux sociaux